| 000 | 00635nam a2200229 a 4500 | ||
|---|---|---|---|
| 008 | |||
| 049 | _aMAIN | ||
| 090 |
_aTF146 _bARO |
||
| 100 | 1 | _aArora, S.P. | |
| 245 | 1 | 0 |
_aA text book of railway engineering / _cS. P. Arora. |
| 260 |
_aDelhi : _bDhanpat Rai & Sons, _c1981. |
||
| 300 | _a5th ed. | ||
| 300 |
_axv, 556 p. : _bill. ; _c23 cm. |
||
| 504 | _aIncludes bibliographical references. | ||
| 500 | _aIncludes index. | ||
| 700 | _aSaxena, S.C. | ||
| 907 |
_a.b1026596x _b10-09-09 _c10-09-09 |
||
| 003 | |||
| 005 | 20230123124945.0 | ||
| 040 | _cNUST | ||
| 942 |
_cBOOKS _kTF146 _mARO |
||
| 999 |
_c133218 _d133218 |
||